[Event "8th Mayors Cup Open 2015"]
[Site "Mumbai IND"]
[Date "2015.06.03"]
[Round "2.1"]
[White "Shivananda, B.S."]
[Black "Kokarev, Dmitry"]
[Result "0-1"]
[WhiteTitle "IM"]
[BlackTitle "GM"]
[WhiteElo "2298"]
[BlackElo "2639"]
[WhiteFideId "5007038"]
[BlackFideId "4132181"]
[EventDate "2015.06.02"]

1. f4 d5 2. d3 g6 3. Nf3 Bg7 4. g3 c6 5. Bg2 Qb6 6. c3 Nd7 7. Qb3 Ngf6 8. Na3
O-O 9. Nc2 Re8 10. d4 Ne4 11. O-O Ndf6 12. Ne5 Nd6 13. Ne3 Nfe4 14. Qd1 f6 15.
Nd3 Bd7 16. Kh1 Rad8 17. a4 a5 18. Ra3 e5 19. Rb3 Qa7 20. fxe5 fxe5 21. Nxe5
Bxe5 22. dxe5 Rxe5 23. Qd4 Qxd4 24. cxd4 Re7 25. Kg1 Rde8 26. Nc2 Bf5 27. Ne1
Nc4 28. Nd3 Ned6 29. Ne5 Nxe5 30. dxe5 Nc4 31. Bf4 Rd7 32. Rc1 Nxe5 33. Re3 Rde7
34. b3 d4 35. Rxe5 Rxe5 36. Bxe5 Rxe5 37. Kf2 Kf7 38. Rd1 c5 39. Bxb7 Bc2 40.
Rd2 Bxb3 41. Bc6 Ke7 42. Bb5 Re3 43. Rb2 Kd6 44. Rb1 c4 45. h4 Kc5 46. g4 Kb4 0-1

[Event "8th Mayors Cup Open 2015"]
[Site "Mumbai IND"]
[Date "2015.06.03"]
[Round "2.2"]
[White "Pantsulaia, Levan"]
[Black "Raghunandan, Kaumandur Srihari"]
[Result "1/2-1/2"]
[WhiteTitle "GM"]
[BlackTitle "FM"]
[WhiteElo "2616"]
[BlackElo "2293"]
[WhiteFideId "13602071"]
[BlackFideId "25004964"]
[EventDate "2015.06.02"]

1. Nf3 d5 2. c4 c6 3. g3 Nf6 4. Bg2 Bf5 5. Qb3 Qb6 6. d3 Qxb3 7. axb3 e6 8. Nh4
Bg6 9. Be3 Bb4+ 10. Bd2 Na6 11. Ra4 Bxd2+ 12. Nxd2 Nd7 13. Nxg6 hxg6 14. d4 Ke7
15. h4 Nc7 16. e3 b5 17. Ra2 c5 18. cxd5 Nxd5 19. Bxd5 exd5 20. Ke2 cxd4 21.
exd4 Rhc8 22. Ra5 Nb8 23. Rxb5 Nc6 24. Rb7+ Kf6 25. Kd3 Rab8 26. Rxb8 Rxb8 27.
Rc1 Nb4+ 28. Ke3 Rb6 29. Rc7 Re6+ 30. Kf3 Nc6 31. Kg2 Nxd4 32. Rxa7 Re2 33. Nb1
Rxb2 34. Nc3 Rxb3 35. Nxd5+ Ke5 36. Nc7 Ne6 37. Ne8 Rb8 38. Ra5+ Kd4 39. Nd6 f6
40. Ra6 Kd5 41. Nf7 Rb7 42. Nh8 g5 43. h5 Nf8 44. Ra8 Nd7 45. Ng6 Ne5 46. Ra5+
Ke6 47. Nxe5 fxe5 48. f3 Kf6 49. Ra6+ Kf7 50. Rg6 Rb2+ 51. Kh3 e4 52. fxe4 Re2
53. Rxg5 Rxe4 54. Rc5 Kg8 55. g4 Ra4 56. Kh4 Kh7 57. Kg5 Rb4 58. Kf5 Kh6 59.
Rc6+ Kh7 60. Re6 Rb5+ 61. Re5 Rxe5+ 62. Kxe5 g6 63. h6 Kxh6 64. Kf6 g5 65. Kf5
Kh7 1/2-1/2

[Event "8th Mayors Cup Open 2015"]
[Site "Mumbai IND"]
[Date "2015.06.03"]
[Round "2.3"]
[White "Kulkarni, Bhakti"]
[Black "Zubov, Alexander"]
[Result "0-1"]
[WhiteTitle "CM"]
[BlackTitle "GM"]
[WhiteElo "2256"]
[BlackElo "2612"]
[WhiteFideId "5019516"]
[BlackFideId "14109409"]
[EventDate "2015.06.02"]

1. d4 Nf6 2. c4 e6 3. Nc3 Bb4 4. Bg5 c5 5. d5 h6 6. Bh4 g5 7. Bg3 Ne4 8. Qc2 f5
9. f3 Bxc3+ 10. bxc3 Nxg3 11. hxg3 Qf6 12. Kf2 d6 13. dxe6 Bxe6 14. Rb1 Nd7 15.
Qd3 O-O-O 16. e3 Ne5 17. Qc2 Kb8 18. Ne2 Nxc4 19. Re1 Ne5 20. Nc1 h5 21. Nd3 Qf7
22. Be2 Ng6 23. Qa4 Bd7 24. Qa3 f4 25. gxf4 gxf4 26. e4 Rde8 27. Nb2 Ne5 28. Rh4
Qg6 29. Reh1 Qg3+ 30. Kf1 Reg8 31. R1h2 Ng6 32. R4h3 Bxh3 33. Rxh3 Qg5 0-1

[Event "8th Mayors Cup Open 2015"]
[Site "Mumbai IND"]
[Date "2015.06.03"]
[Round "2.4"]
[White "Aleksandrov, Aleksej"]
[Black "Sahoo, Utkal Ranjan"]
[Result "1-0"]
[WhiteTitle "GM"]
[WhiteElo "2607"]
[BlackElo "2271"]
[WhiteFideId "13500139"]
[BlackFideId "5034566"]
[EventDate "2015.06.02"]

1. d4 d5 2. c4 e6 3. Nc3 Nf6 4. cxd5 exd5 5. Bg5 Be7 6. e3 O-O 7. Bd3 c6 8. Nge2
Nbd7 9. Qc2 Re8 10. f3 Nf8 11. Bh4 Be6 12. O-O Rc8 13. Rad1 a6 14. Kh1 N6d7 15.
Bf2 Qc7 16. Qb1 c5 17. Bc2 b5 18. dxc5 Bxc5 19. Nf4 Nb6 20. Bb3 b4 21. Ncxd5
Bxd5 22. Nxd5 Nxd5 23. Rxd5 Bxe3 24. Rf5 Kh8 25. Rxf7 Qb6 26. Bg3 Bd4 27. h3 Bf6
28. Rd1 Ng6 29. Rfd7 Ne5 30. R7d6 Qe3 31. Qf5 Rf8 32. Re6 Rc5 33. Bf4 Ng6 34.
Rxe3 Rxf5 35. Bd6 Ra8 36. Rde1 h5 37. Bc2 Rg5 38. f4 1-0

[Event "8th Mayors Cup Open 2015"]
[Site "Mumbai IND"]
[Date "2015.06.03"]
[Round "2.5"]
[White "Mchedlishvili, Mikheil"]
[Black "Krishna Teja, N"]
[Result "1-0"]
[WhiteTitle "GM"]
[WhiteElo "2597"]
[BlackElo "2263"]
[WhiteFideId "13600966"]
[BlackFideId "5001498"]
[EventDate "2015.06.02"]

1. d4 e6 2. c4 f5 3. g3 Nf6 4. Bg2 c6 5. Nd2 d5 6. Nh3 Bd6 7. O-O O-O 8. Qc2
Nbd7 9. Nf3 Qe7 10. Bf4 Ne4 11. Bxd6 Nxd6 12. b3 b6 13. Nf4 Ba6 14. Rac1 dxc4
15. bxc4 Nxc4 16. Rfe1 Nf6 17. Qb3 b5 18. Ne5 Ne4 19. Nxc4 bxc4 20. Qe3 Rae8 21.
Bxe4 fxe4 22. Qxe4 e5 23. dxe5 Qxe5 24. Qxc6 Bb5 25. Qd5+ Qxd5 26. Nxd5 Rd8 27.
Nc3 Bc6 28. Red1 Kf7 29. f3 Ke6 30. Kf2 g5 31. Ke3 Ke5 32. Rxd8 Rxd8 33. Rb1 a5
34. Rb6 Kd6 35. Kd4 Kc7+ 36. Kc5 Bb7 37. Nb5+ Kb8 38. Nd6 1-0

[Event "8th Mayors Cup Open 2015"]
[Site "Mumbai IND"]
[Date "2015.06.03"]
[Round "2.6"]
[White "Deshpande, Aniruddha"]
[Black "Kravtsiv, Martyn"]
[Result "0-1"]
[BlackTitle "GM"]
[WhiteElo "2252"]
[BlackElo "2589"]
[WhiteFideId "5021774"]
[BlackFideId "14113147"]
[EventDate "2015.06.02"]

1. e4 e5 2. Nf3 Nc6 3. Bb5 a6 4. Ba4 Nf6 5. O-O Be7 6. d3 b5 7. Bb3 O-O 8. Nc3
Bb7 9. Bg5 d6 10. a3 Qd7 11. Nd5 Nxd5 12. Bxd5 Bxg5 13. Nxg5 Nd8 14. Bxb7 Nxb7
15. f4 f6 16. Nf3 exf4 17. Nd4 d5 18. Rxf4 dxe4 19. dxe4 Rad8 20. c3 Rfe8 21.
Qf3 Nd6 22. Rf1 h6 23. b4 Re5 24. Nf5 Nxf5 25. exf5 Qd2 26. Qc6 Qe3+ 27. R4f2
Rxf5 28. g3 Rd2 0-1

[Event "8th Mayors Cup Open 2015"]
[Site "Mumbai IND"]
[Date "2015.06.03"]
[Round "2.7"]
[White "Smirnov, Pavel"]
[Black "Vaishali, R"]
[Result "1-0"]
[WhiteTitle "GM"]
[BlackTitle "WFM"]
[WhiteElo "2588"]
[BlackElo "2256"]
[WhiteFideId "4123425"]
[BlackFideId "5091756"]
[EventDate "2015.06.02"]

1. d4 Nf6 2. c4 c5 3. d5 b5 4. cxb5 a6 5. e3 axb5 6. Bxb5 Bb7 7. Nc3 e6 8. e4
Qa5 9. Qe2 Be7 10. Bd2 Qb6 11. Nf3 exd5 12. exd5 Nxd5 13. O-O O-O 14. Bc4 Nxc3
15. Qxe7 Bxf3 16. bxc3 Qg6 17. Bxf7+ Qxf7 18. Qxf7+ Rxf7 19. gxf3 Nc6 20. Be3
Ra3 21. Bxc5 Rxc3 22. Rfc1 Rfxf3 23. a4 Rxc1+ 24. Rxc1 Rf4 25. Ra1 Na5 26. Bb6
Nc4 27. Bc7 Rf6 28. Rb1 Ra6 29. Rb4 d5 30. Kf1 Kf7 31. Ke2 Ke6 32. h4 g6 33. Bd8
Ra7 34. Bg5 Ke5 35. Bh6 Ke4 36. f3+ Kf5 37. Bf8 Ke5 38. Bc5 Ra5 39. Bg1 Kf5 40.
Bd4 Ra6 41. Bc3 Re6+ 42. Kf2 Ra6 43. Kg3 Ra7 44. a5 Nxa5 45. Rb6 d4 46. Bxd4 1-0

[Event "8th Mayors Cup Open 2015"]
[Site "Mumbai IND"]
[Date "2015.06.03"]
[Round "2.8"]
[White "Debashis, Das"]
[Black "Ram, S. Krishnan"]
[Result "1-0"]
[WhiteTitle "GM"]
[WhiteElo "2508"]
[BlackElo "2253"]
[WhiteFideId "5024854"]
[BlackFideId "5010519"]
[EventDate "2015.06.02"]

1. d4 Nf6 2. c4 e6 3. Nc3 Bb4 4. e3 O-O 5. Bd3 d5 6. Nf3 c5 7. O-O cxd4 8. exd4
dxc4 9. Bxc4 b6 10. Bg5 Bb7 11. Re1 Nbd7 12. Rc1 Rc8 13. Qd3 Qc7 14. Bb3 Qb8 15.
Ne5 Qa8 16. Bc2 g6 17. Qh3 Nxe5 18. dxe5 Nd5 19. Bxg6 fxg6 20. Qxe6+ Kh8 21.
Nxd5 Bxd5 22. Bf6+ Rxf6 23. Rxc8+ Qxc8 24. Qxc8+ Rf8 25. Qc1 Bxe1 26. Qxe1 Kg7
27. Qd2 Rc8 28. h4 Be6 29. Qg5 Re8 30. h5 1-0

[Event "8th Mayors Cup Open 2015"]
[Site "Mumbai IND"]
[Date "2015.06.03"]
[Round "2.9"]
[White "Praveen, Kumar C"]
[Black "Rahman, Ziaur"]
[Result "0-1"]
[WhiteTitle "IM"]
[BlackTitle "GM"]
[WhiteElo "2235"]
[BlackElo "2500"]
[WhiteFideId "5007372"]
[BlackFideId "10200037"]
[EventDate "2015.06.02"]

1. d4 d6 2. Nf3 f5 3. g3 Nf6 4. Bg2 g6 5. O-O Bg7 6. b4 O-O 7. Bb2 c6 8. c4 Be6
9. Nbd2 Kh8 10. Qc2 Nbd7 11. Rac1 Bg8 12. Rfe1 a5 13. a3 axb4 14. axb4 b5 15.
Nh4 bxc4 16. Nxc4 Nd5 17. Qd2 N7f6 18. Na5 Ne4 19. Qd1 Nxb4 20. Nxc6 Nxc6 21.
Rxc6 Ra2 22. Ba1 Qd7 23. Bxe4 fxe4 24. Rc1 e3 25. f3 Rd2 0-1

[Event "8th Mayors Cup Open 2015"]
[Site "Mumbai IND"]
[Date "2015.06.03"]
[Round "2.10"]
[White "Deepan, Chakkravarthy J."]
[Black "Gokhale, Chandrashekhar"]
[Result "1-0"]
[WhiteTitle "GM"]
[BlackTitle "IM"]
[WhiteElo "2497"]
[BlackElo "2230"]
[WhiteFideId "5011132"]
[BlackFideId "5001315"]
[EventDate "2015.06.02"]

1. e4 e5 2. Nf3 d6 3. d4 exd4 4. Nxd4 Nf6 5. Nc3 Be7 6. Be2 O-O 7. g4 d5 8. e5
Ne4 9. Nxe4 dxe4 10. Bf4 Na6 11. Qd2 Nb4 12. O-O-O Nxa2+ 13. Kb1 Nb4 14. Bc4 Bc5
15. Qc3 Bxg4 16. f3 Nd3 17. Nb3 Bb4 18. Qxb4 Nxb4 19. Rxd8 Raxd8 20. fxg4 Nd5
21. Bg3 Ne3 22. Be2 b6 23. Kc1 Rd5 24. c4 Rd7 25. Rg1 f5 26. exf6 Rxf6 27. Nd2
Rf8 28. Be1 c5 29. Rg3 1-0

[Event "8th Mayors Cup Open 2015"]
[Site "Mumbai IND"]
[Date "2015.06.03"]
[Round "2.11"]
[White "Abhilash, Reddy M.L."]
[Black "Sivuk, Vitaly"]
[Result "0-1"]
[BlackTitle "GM"]
[WhiteElo "2225"]
[BlackElo "2491"]
[WhiteFideId "5024668"]
[BlackFideId "14116502"]
[EventDate "2015.06.02"]

1. d4 Nf6 2. Bg5 d5 3. e3 c5 4. c3 Qb6 5. Qb3 c4 6. Qxb6 axb6 7. Nd2 b5 8. a3
Bf5 9. Rc1 Nbd7 10. Ngf3 h6 11. Bxf6 exf6 12. Be2 Nb6 13. Bd1 Na4 14. Bxa4 bxa4
15. O-O Bd3 16. Rfe1 Ra5 17. Ra1 Rb5 18. Ra2 Kd7 19. Rc1 g5 20. Ne1 Bg6 21. Nc2
h5 22. Nb4 Bh6 23. Re1 Re8 24. Raa1 Ra5 25. Rad1 Re7 26. Kf1 Kd6 27. Nf3 Ra8 28.
Ng1 Rae8 29. Nf3 h4 30. Ng1 Re6 31. Ra1 f5 32. Rad1 Re4 33. Ra1 f6 34. Rac1 Rh8
35. Ra1 f4 36. exf4 Rxf4 37. Nh3 Rf5 38. Ng1 g4 39. Re2 Re8 40. Rxe8 Bxe8 41.
Re1 Bg6 42. Ke2 Rf4 43. f3 h3 44. g3 gxf3+ 45. Kf2 Re4 46. Nxf3 Rxe1 47. Kxe1
Bc1 48. Ng1 Bxb2 49. Kd2 Bf5 50. Nc2 Bg4 51. Ne3 f5 52. Nc2 Ke6 53. Ne2 Bxe2 54.
Kxe2 Bxc3 55. Kf3 b5 56. Kf4 Bd2+ 57. Kf3 Bc1 0-1

[Event "8th Mayors Cup Open 2015"]
[Site "Mumbai IND"]
[Date "2015.06.03"]
[Round "2.12"]
[White "Nguyen, Duc Hoa"]
[Black "Ajay Krishna, S"]
[Result "1-0"]
[WhiteTitle "GM"]
[WhiteElo "2487"]
[BlackElo "2220"]
[WhiteFideId "12401358"]
[BlackFideId "5096430"]
[EventDate "2015.06.02"]

1. e4 c5 2. Nf3 Nc6 3. d4 cxd4 4. Nxd4 g6 5. Nc3 Bg7 6. Be3 Nf6 7. Bc4 O-O 8.
Bb3 d6 9. f3 Nxd4 10. Bxd4 Be6 11. Qd2 Qa5 12. O-O-O Rfc8 13. Kb1 b5 14. Rhe1 b4
15. Nd5 Bxd5 16. exd5 Rc7 17. a3 Rb8 18. Re2 Qb5 19. a4 Qb7 20. Rde1 Bf8 21. h4
Rbc8 22. g4 Nxd5 23. h5 e5 24. hxg6 hxg6 25. Bxe5 dxe5 26. Bxd5 Qb6 27. Bb3 Bg7
28. Re4 a5 29. f4 exf4 30. Re6 Qc5 31. Qxf4 g5 32. Re8+ Rxe8 33. Rxe8+ Kh7 34.
Qe4+ Kh6 35. Qh1+ Kg6 36. Qh5+ Kf6 37. Qxf7+ 1-0

[Event "8th Mayors Cup Open 2015"]
[Site "Mumbai IND"]
[Date "2015.06.03"]
[Round "2.13"]
[White "Rohan, Ahuja"]
[Black "Semcesen, Daniel"]
[Result "1-0"]
[BlackTitle "GM"]
[WhiteElo "2218"]
[BlackElo "2471"]
[WhiteFideId "5090598"]
[BlackFideId "1706993"]
[EventDate "2015.06.02"]

1. Nf3 d6 2. d4 f5 3. g3 Nf6 4. Bg2 g6 5. O-O Bg7 6. b4 O-O 7. Bb2 e6 8. c4 Qe7
9. Qb3 Nc6 10. Nc3 Kh8 11. d5 Nd8 12. dxe6 c6 13. Rfe1 a5 14. e4 axb4 15. Qxb4
Nxe4 16. Nxe4 fxe4 17. Rxe4 Nxe6 18. Rae1 Rxa2 19. Bxg7+ Kxg7 20. Qb3 Ra7 21.
Nd4 Qf6 22. Nxe6+ Bxe6 23. Rxe6 Qxf2+ 24. Kh1 Ra2 25. Qxb7+ Kh6 26. Qxc6 Rc8 27.
Qf3 Rxc4 28. Qxf2 Rxf2 29. Rxd6 Rcc2 30. Rg1 Kg7 31. Rd7+ Kh6 32. h3 Rb2 33. Kh2
Rfc2 34. g4 Rc3 35. h4 g5 36. Re1 Rb6 37. h5 Rc2 38. Red1 Rcb2 39. R1d6+ Rxd6
40. Rxd6+ Kg7 41. Rd7+ Kh6 42. Rd6+ Kg7 43. Kg3 Rb3+ 44. Bf3 Ra3 45. Kf2 Rb3 46.
Be4 Rb4 47. Bf5 Rf4+ 48. Ke3 Rf1 49. Rd7+ Kf6 50. Rxh7 Re1+ 51. Kf2 Ra1 52. Rh6+
Ke5 53. Re6+ Kf4 54. Re4# 1-0

[Event "8th Mayors Cup Open 2015"]
[Site "Mumbai IND"]
[Date "2015.06.03"]
[Round "2.14"]
[White "Priyadharshan, K."]
[Black "Aradhya, Garg"]
[Result "1-0"]
[WhiteTitle "IM"]
[WhiteElo "2462"]
[BlackElo "2217"]
[WhiteFideId "5018293"]
[BlackFideId "25006746"]
[EventDate "2015.06.02"]

1. e4 e5 2. Nf3 Nc6 3. Bb5 a6 4. Ba4 Nf6 5. d3 d6 6. c4 Be7 7. h3 O-O 8. Be3 Ne8
9. Nc3 f5 10. exf5 Bxf5 11. Bxc6 bxc6 12. d4 e4 13. Nd2 d5 14. O-O Qd7 15. f3
exf3 16. Rxf3 Rb8 17. b3 Bf6 18. Qf1 Be6 19. cxd5 cxd5 20. Qxa6 c5 21. Ne2 Nd6
22. Bf4 Rfd8 23. Qxd6 Qxd6 24. Bxd6 Rxd6 25. dxc5 Ra6 26. Rxf6 gxf6 27. Nd4 Kf7
28. a4 Bd7 29. Rc1 Ke7 30. Kf2 Bc6 31. Rc3 Rb4 32. Nc2 Rb7 33. Nf3 Be8 34. Ne3
Ke6 35. Nd4+ Ke5 36. Nef5 Bg6 37. Re3+ Kf4 38. Nd6 Rxd6 39. g3+ Kg5 40. cxd6 Rd7
41. h4+ Kh6 42. Re6 Kg7 43. Re7+ Rxe7 44. dxe7 Kf7 45. a5 Bd3 46. Ke3 Ba6 47.
Nf5 Bf1 48. Kd4 Ke8 49. Kc5 Bd3 50. g4 d4 51. Kxd4 Be2 52. g5 Bg4 53. a6 1-0

[Event "8th Mayors Cup Open 2015"]
[Site "Mumbai IND"]
[Date "2015.06.03"]
[Round "2.15"]
[White "Ashwath, R."]
[Black "Swapnil, S. Dhopade"]
[Result "1/2-1/2"]
[BlackTitle "IM"]
[WhiteElo "2216"]
[BlackElo "2453"]
[WhiteFideId "5021049"]
[BlackFideId "5019184"]
[EventDate "2015.06.02"]

1. d4 Nf6 2. Nf3 c5 3. e3 cxd4 4. exd4 d5 5. c3 Nc6 6. Bf4 g6 7. Bd3 Bf5 8. Bxf5
gxf5 9. O-O e6 10. Qb3 Qb6 11. Na3 Nh5 12. Qxb6 axb6 13. Nb5 Kd7 14. Bd2 Bg7 15.
Rfe1 Nf6 16. Bf4 Ne4 17. Nd2 Nxd2 18. Bxd2 Rhc8 19. b3 Na7 20. Nxa7 Rxa7 21. a4
Raa8 22. f4 Kc6 23. Kf2 Bf6 24. Kf3 h5 25. Red1 Kd7 26. Re1 Rc6 27. Ke3 Rg8 28.
Kf3 Rgc8 29. Rac1 Be7 30. Ke3 Rg8 31. Kf3 Bd6 32. Rf1 Ra8 33. Ke3 Rac8 34. Rfe1
Rg8 35. Kf3 Rcc8 36. Ra1 Ra8 37. Rec1 Ra6 38. Rab1 Raa8 39. Ra1 Be7 40. Re1 Kc6
41. Rec1 Bf6 42. Be3 Rgc8 43. Bd2 Kd7 1/2-1/2

[Event "8th Mayors Cup Open 2015"]
[Site "Mumbai IND"]
[Date "2015.06.03"]
[Round "2.16"]
[White "Karthikeyan, P."]
[Black "Ivana Maria, Furtado"]
[Result "1/2-1/2"]
[WhiteTitle "IM"]
[BlackTitle "WIM"]
[WhiteElo "2440"]
[BlackElo "2212"]
[WhiteFideId "5018226"]
[BlackFideId "5048400"]
[EventDate "2015.06.02"]

1. d4 Nf6 2. c4 e6 3. Nc3 Bb4 4. e3 O-O 5. Ne2 Re8 6. a3 Bf8 7. d5 exd5 8. cxd5
g6 9. g3 d6 10. Bg2 Bg7 11. O-O Nbd7 12. Nd4 Nc5 13. b4 Nce4 14. Nxe4 Nxe4 15.
Bb2 f5 16. Qc2 Bd7 17. Rae1 Rc8 18. g4 c5 19. dxc6 bxc6 20. gxf5 gxf5 21. f3 Ng5
22. Qb3+ Kh8 23. h4 c5 24. hxg5 cxd4 25. f4 dxe3 26. Bxg7+ Kxg7 27. Qb2+ Kg8 28.
Bd5+ Be6 29. Qb3 Qd7 30. Rxe3 Bxd5 31. Qxd5+ Qf7 32. Rxe8+ Rxe8 33. Qxf7+ Kxf7
34. Kf2 Re4 35. Kf3 Rc4 36. Re1 Rc3+ 37. Re3 Rc1 38. Ke2 Rc2+ 39. Kd3 Rf2 40.
Rh3 Kg7 41. Ke3 Rf1 42. Rh6 Ra1 43. Rxd6 Rxa3+ 44. Kd4 Rb3 45. Kc5 Rf3 46. Rd7+
Kg6 47. Rxa7 Rxf4 48. b5 Rf1 49. b6 Kxg5 50. Rxh7 f4 51. b7 Rb1 52. Kc6 f3 53.
Rh8 f2 54. Rf8 Rc1+ 55. Kd5 Rb1 56. Kc6 Rc1+ 57. Kd5 1/2-1/2

[Event "8th Mayors Cup Open 2015"]
[Site "Mumbai IND"]
[Date "2015.06.03"]
[Round "2.17"]
[White "Sanjeev, Kumar"]
[Black "Swayams, Mishra"]
[Result "0-1"]
[BlackTitle "IM"]
[WhiteElo "2203"]
[BlackElo "2439"]
[WhiteFideId "5000360"]
[BlackFideId "5028183"]
[EventDate "2015.06.02"]

1. e4 e6 2. d4 d5 3. Nc3 Nf6 4. Bg5 Bb4 5. e5 h6 6. Bc1 Ne4 7. Qg4 g6 8. Ne2 c5
9. a3 Ba5 10. b4 cxb4 11. Nxe4 dxe4 12. axb4 Bxb4+ 13. c3 Be7 14. Qxe4 Qc7 15.
g3 Bd7 16. Qd3 Bc6 17. f3 Nd7 18. Bg2 Bd5 19. Bd2 Bc4 20. Qe4 Nb6 21. O-O a5 22.
Rfb1 a4 23. Nf4 Nd5 24. Nxg6 fxg6 25. Qxg6+ Kd7 26. Bh3 Nb6 27. d5 Bxd5 28. Be3
Nc4 29. Rd1 Nxe3 30. Bxe6+ Kd8 31. Bxd5 Nxd1 32. Rxd1 Qc5+ 33. Kg2 Kc7 34. Bxb7
Rhd8 35. Rb1 Ra7 36. Qe4 a3 37. Rb4 a2 38. e6 a1=Q 39. Qf4+ Rd6 0-1

[Event "8th Mayors Cup Open 2015"]
[Site "Mumbai IND"]
[Date "2015.06.03"]
[Round "2.18"]
[White "Mohammad, Nubairshah Shaikh"]
[Black "Muthaiah, AL"]
[Result "0-1"]
[WhiteElo "2428"]
[BlackElo "2159"]
[WhiteFideId "5053196"]
[BlackFideId "5092442"]
[EventDate "2015.06.02"]

1. d4 Nf6 2. c4 e6 3. Nc3 Bb4 4. e3 Bxc3+ 5. bxc3 O-O 6. Bd3 d6 7. Ne2 Nc6 8.
Ba3 b6 9. c5 dxc5 10. Bb5 Bb7 11. dxc5 Qe7 12. Qb3 bxc5 13. O-O Ne5 14. Nf4 Rfb8
15. Qa4 a6 16. Be2 Bc6 17. Qc2 Nd5 18. Nxd5 exd5 19. Qf5 f6 20. Rfd1 Bb5 21. Bg4
Bd7 22. Qf4 Bxg4 23. Rxd5 Qe6 24. e4 c6 25. Rxc5 Nd3 26. Qc7 Qxa2 27. Rf1 Rb1 0-1

[Event "8th Mayors Cup Open 2015"]
[Site "Mumbai IND"]
[Date "2015.06.03"]
[Round "2.19"]
[White "Patil, Pratik"]
[Black "Prasanna, Raghuram Rao"]
[Result "0-1"]
[BlackTitle "IM"]
[WhiteElo "2164"]
[BlackElo "2424"]
[WhiteFideId "5038758"]
[BlackFideId "5022401"]
[EventDate "2015.06.02"]

1. e4 c5 2. c3 Qa5 3. Nf3 Nc6 4. Bc4 d6 5. h3 Nf6 6. Qe2 e6 7. O-O Be7 8. d4 O-O
9. e5 Nd5 10. Qe4 cxd4 11. cxd4 Ndb4 12. Bb3 Qa6 13. exd6 Bxd6 14. Rd1 f5 15.
Qh4 Na5 16. Ng5 h6 17. Bxe6+ Bxe6 18. Nxe6 Qe2 0-1

[Event "8th Mayors Cup Open 2015"]
[Site "Mumbai IND"]
[Date "2015.06.03"]
[Round "2.20"]
[White "Hossain, Enamul"]
[Black "Bartakke, Amardeep S."]
[Result "1/2-1/2"]
[WhiteTitle "GM"]
[WhiteElo "2423"]
[BlackElo "2153"]
[WhiteFideId "10200649"]
[BlackFideId "5003288"]
[EventDate "2015.06.02"]

1. e4 c5 2. Nf3 d6 3. c3 Nf6 4. Be2 Nc6 5. d4 cxd4 6. cxd4 d5 7. exd5 Nxd5 8.
Nc3 g6 9. Qb3 Nxc3 10. Bc4 Nd5 11. Bxd5 e6 12. Bxc6+ bxc6 13. O-O Qd5 14. Qc3
Bg7 15. Bf4 O-O 16. Rfc1 Rd8 17. Bc7 Rd7 18. Be5 f6 19. Bf4 Bb7 20. Qe3 Bf8 21.
h3 Rc8 22. Rd1 Kf7 23. Qe2 Rcd8 24. Re1 c5 25. dxc5 Bxc5 26. Be3 Bb4 27. Rec1
Qf5 28. a3 Bxf3 29. Qxf3 Qxf3 30. gxf3 Bd2 31. Bxd2 Rxd2 32. Rc7+ R8d7 33. Rac1
Ke7 34. b4 Rd5 35. R1c5 Rd3 36. Rxd7+ Rxd7 37. Ra5 Kd6 38. Ra6+ Kd5 39. Kf1 f5
40. Ke2 Ke5 41. Ke3 f4+ 42. Ke2 g5 43. Ra5+ Kf6 44. Ra6 Kf5 45. Kf1 h5 46. Ke2
Re7 47. Ra5+ e5 48. Kd3 Rd7+ 49. Kc4 Rd2 50. Rxa7 Rc2+ 51. Kd5 Rd2+ 52. Kc4 Rc2+
53. Kd5 Rd2+ 54. Kc5 Rxf2 55. b5 Rxf3 56. b6 Rb3 57. a4 g4 58. hxg4+ hxg4 59. a5
f3 60. a6 g3 61. Rg7 Kf6 62. Rxg3 Rc3+ 63. Kb4 f2 64. Rxc3 f1=Q 65. b7 Qb1+ 66.
Rb3 Qe1+ 67. Ka4 Qa1+ 68. Kb5 Qd1 69. Rb4 Qd5+ 70. Kb6 Qd6+ 71. Ka7 Qxb4 72.
b8=Q Qe7+ 73. Ka8 e4 74. Qf4+ Kg6 75. Qg4+ Kh6 76. Qh3+ Kg6 77. Qg3+ Kh5 78.
Qh2+ Kg6 79. Qg1+ Kh5 80. a7 e3 81. Qh1+ Kg6 82. Qc6+ Kg5 83. Kb8 Qf8+ 84. Kc7
Qe7+ 85. Kb6 Qb4+ 86. Kc7 1/2-1/2

[Event "8th Mayors Cup Open 2015"]
[Site "Mumbai IND"]
[Date "2015.06.03"]
[Round "3.1"]
[White "Kokarev, Dmitry"]
[Black "Ravi, Teja S."]
[Result "1-0"]
[WhiteTitle "GM"]
[BlackTitle "IM"]
[WhiteElo "2639"]
[BlackElo "2403"]
[WhiteFideId "4132181"]
[BlackFideId "5017220"]
[EventDate "2015.06.02"]

1. e4 c6 2. d4 d5 3. Nc3 dxe4 4. Nxe4 Bf5 5. Ng3 Bg6 6. h4 h6 7. Nf3 Nd7 8. h5
Bh7 9. Bd3 Bxd3 10. Qxd3 e6 11. Bd2 Ngf6 12. O-O-O Be7 13. Kb1 O-O 14. Ne4 Nxe4
15. Qxe4 Nf6 16. Qe2 Qd5 17. Ne5 Qe4 18. Qxe4 Nxe4 19. Be1 Rfd8 20. f3 Nf6 21.
Bf2 Nd7 22. c4 Nxe5 23. dxe5 Kf8 24. Kc2 b6 25. a4 Ke8 26. Kc3 Rab8 27. b4 a5
28. b5 c5 29. Be3 Rxd1 30. Rxd1 Rd8 31. Rh1 Rd7 32. g4 Bd8 33. f4 Bc7 34. Kc2
Kf8 35. Re1 Bd8 36. Bf2 Be7 37. Re4 Bd8 38. Be1 Be7 39. Bc3 Bd8 40. Re3 Be7 41.
f5 Bg5 42. Rf3 Ke8 43. f6 Kf8 44. Rd3 Rxd3 45. Kxd3 Bf4 46. Ke4 Bg3 47. Bd2 Kg8
48. g5 hxg5 49. fxg7 Kxg7 50. Bxg5 f5+ 51. exf6+ Kf7 52. Bf4 1-0

[Event "8th Mayors Cup Open 2015"]
[Site "Mumbai IND"]
[Date "2015.06.03"]
[Round "3.2"]
[White "Zubov, Alexander"]
[Black "Nitin, S."]
[Result "1/2-1/2"]
[WhiteTitle "GM"]
[BlackTitle "IM"]
[WhiteElo "2612"]
[BlackElo "2357"]
[WhiteFideId "14109409"]
[BlackFideId "5018277"]
[EventDate "2015.06.02"]

1. d4 Nf6 2. c4 g6 3. f3 Bg7 4. e4 d6 5. Ne2 O-O 6. Be3 a6 7. Nbc3 Nc6 8. Qd2
Na5 9. Nc1 Nd7 10. Nb3 c5 11. Be2 Nxb3 12. axb3 cxd4 13. Bxd4 Bxd4 14. Qxd4 Nc5
15. Ra3 Bd7 16. b4 Ne6 17. Qe3 b5 18. cxb5 Bxb5 19. Bxb5 axb5 20. O-O Nc7 21.
Ra7 Rxa7 22. Qxa7 f5 23. Qb7 Qb8 24. Qc6 fxe4 25. Nxe4 Qa7+ 26. Kh1 Qa8 27. Qc2 1/2-1/2